000 00726nam a22002297a 4500
003 OSt
005 20260618123727.0
008 260618b |||||||| |||| 00| 0 eng d
020 _a9780312552015
040 _cChuka University Library
050 _aPE 1417
_b.R67 2012
100 _aRosa Alfred
_930185
245 _aModels for Writers
_bShort Essays for Composition
250 _a11th ed.
260 _aBoston, New York
_bBedford/st. Martins
_c2012
300 _axxvii 711 pages
_billustrated includes indexes
650 _aCollege Readers
_922384
650 _aReport Writing......Problems Exercise
_930186
650 _aEnglish Language.... Rethoric
_930187
700 _aEschholz Paul
_930188
942 _2lcc
_cBK
_n0
999 _c24779
_d24779